000
00311nam a22001457a 4500
008
180918b xxu||||| |||| 00| 0 eng d
020
_a
9781416025818
041
_a
eng
080
_a
579
082
_a
579
100
_a
11
101
_a
MIK
245
_a
Diagnosis microbiology
_c
Mahon,C.R
942
_2
udc
_c
BK
999
_c
47963
_d
47963